000 00609cam a22001814a 4500
001 13049612
005 20250627102043.0
008 030106s2003 miuab b 001 0 eng
020 _a0802849601 (alk. paper)
050 0 0 _aBS1180
_b.K56 2003
082 0 0 _a221.1
_221
100 1 _aKitchen, K. A.
_q(Kenneth Anderson)
245 1 0 _aOn the reliability of the Old Testament /
_cK.A. Kitchen.
260 _aGrand Rapids, Mich. :
_bW.B. Eerdmans,
_cc2003.
300 _axxii, 662 p. :
_bill., maps ;
_c25 cm.
856 4 1 _3Table of contents
_uhttp://www.loc.gov/catdir/toc/fy043/2003040764.html
942 _2lcc
_cBK
_n0
999 _c6724
_d6724